000 01195cam a22002054a 4500
005 20250605164327.0
008 250528s ||||||||||||||||||||||||d
035 _a23109
020 _a470851244
040 _aGR-AtMCL
_bgre
_dGR-AtMCL
_eAACR2
245 1 _aProject Management
250 _a4th
260 _bJohn Wiley & Sons, Ltd,
_c2008
300 _a374
520 _aThis book has been widely used on university degree programmes, executive management training courses, planning software courses and professional certification. Introduction to Project Management, History of Project Management, Project LifeCycle, Feasibility Study, Project Selection, Project Estimating, Planning and Control Cycle, Scope Management, Work Breakdown Structure (WBS), Critical Path Method (CPM), Schedule Barchart, Procurement Schedule, Resource Planning, Profect Accounts, Earned Value, Quality Management, [rpoject Risk Management, Project Communications, Project Organisation Structures, Project Teams, Project Leadership, Project Management Computing, Appendices, Abbreviations, Bibliography, Index.
700 1 _aDoran Christopher M
_98664
942 _cBK
999 _c8139
_d8139